000
00326nam a2200133Ia 4500
008
151001s9999||||xx |||||||||||||| ||und||
100
_a
Agarwal Vipin Kumar
245
_a
Biodiversity and Forest Convervation
250
_a
1
260
_b
DPS publishing House new delhi
260
_c
2013
300
_a
264
365
_b
21
999
_c
1001740
_d
1001737